| 000 | 01208nam a22002777a 4500 | ||
|---|---|---|---|
| 001 | 114118 | ||
| 003 | DR-UNIBE | ||
| 005 | 20251003114835.0 | ||
| 008 | 251001b2024 sp ||||| |||| 00| 0 spa d | ||
| 020 | _a9788410563902 | ||
| 040 |
_aBIBLIOTECA UNIBE _cBIBLIOTECA UNIBE _erda |
||
| 041 | _aspa | ||
| 082 | _a343 R427i | ||
| 100 | 1 |
_aRequena Casanova, Millán _eautor _9199466 |
|
| 245 | 1 | 0 |
_aIntroducción al derecho internacional público / _cMillán Requena Casanova, Jorge Urbaneja Cillán, Carolina Soler García |
| 260 |
_aValencia : _bTirant lo Blanch, _c2024 |
||
| 300 | _a446 páginas | ||
| 490 | _a Tirant lo Blanch. Monografías | ||
| 505 | _aLOS SUJETOS DEL ORDENAMIENTO INTERNACIONAL | LA FORMACIÓN DE NORMAS EN EL ORDENAMIENTO INTERNACIONAL Y SUS RELACIONES CON LOS ORDENAMIENTOS INTERNOS | LA APLICACIÓN DE LAS NORMAS DEL ORDENAMIENTO INTERNACIONAL | ÁMBITOS MATERIALES REGULADOS POR EL ORDENAMIENTO INTERNACIONAL | | ||
| 650 | 7 |
_2lemb _aDerecho |
|
| 650 | 7 |
_aDerecho internacional _2lemb |
|
| 700 |
_aUrbaneja Cillán, Jorge _eautor _9199467 |
||
| 700 |
_aSoler García, Carolina _eautor _9199468 |
||
| 700 |
_aFerrer Lloret, Jaume _edirector _9199469 |
||
| 942 |
_2ddc _cBK |
||
| 999 |
_c114118 _d114118 |
||